Comparative physiology of carbohydrate metabolism in heterothermic animals /

Bibliographic Details
Corporate Author: Western Society of Naturalists
Other Authors: Martin, Arthur W. (Arthur Wesley), 1910-
Format: Book
Language:English
Published: Seattle : University of Washington Press, 1961.
Subjects:

MARC

Tag First Indicator Second Indicator Subfields
LEADER 00000cam a2200000 4500
001 in00000050637
005 20151007073810.0
008 750429s1961 waua b 00000 eng u
010 |a  61010541  
035 |a (OCoLC)01303753 
035 |9 AAF0404AM 
040 |c NED  |d CHS  |d TXA  |d UtOrBLW 
049 |a TXAM  |c [406516] 
050 0 |a QP701  |b .W44 
082 0 |a 591.13 
092 |a 591.13  |b W527c, 1961 
110 2 |a Western Society of Naturalists. 
245 1 0 |a Comparative physiology of carbohydrate metabolism in heterothermic animals /  |c Edited by Arthur W. Martin. 
264 1 |a Seattle :  |b University of Washington Press,  |c 1961. 
300 |a vii, 144 pages :  |b illustrations, diagrams ;  |c 23 cm. 
336 |a text  |b txt  |2 rdacontent 
337 |a unmediated  |b n  |2 rdamedia 
338 |a volume  |b nc  |2 rdacarrier 
500 |a Papers presented at the society's 1959 annual meeting. 
504 |a Includes bibliographies. 
650 0 |a Carbohydrates  |x Metabolism. 
700 1 |a Martin, Arthur W.  |q (Arthur Wesley),  |d 1910- 
999 |a MARS 
999 f f |s b1dd77c6-68c3-3efa-8457-dee3f908b34e  |i f009620d-fc46-37d8-8116-e575ab16ed77  |t 0 
952 f f |p ric  |a Texas A&M University  |b Rellis Campus  |c Joint Library Facility  |d Remote Storage  |t 0  |e QP701 .W44  |h Library of Congress classification  |i unmediated -- volume  |m A14801005474 
998 f f |a QP701 .W44  |t 0  |l Remote Storage